Statistics for Harry Potter Decoder 1

Click here to take the quiz!

General Stats

  • This quiz has been taken 1,252 times
  • The average score is 26 of 37

Answer Stats

HintAnswer% Correct
O
95%
Highly reputable British wand shopOllivander's
95%
D
90%
Family name of Harry's legal guardiansDursley
90%
R
88%
Professor of Defence Against the Dark Arts with the surname 'Lupin'Remus
88%
H
86%
An object into which a part of the soul can be unnaturally placedHorcrux
86%
R
85%
The Room of...Requirement
85%
U
85%
Surname of the much-maligned Hogwarts High InquisitorUmbridge
85%
W
81%
Marauding nickname of Peter PettigrewWormtail
81%
A
74%
First name of the Dumbledore brothers' younger sisterAriana
74%
Z
70%
Hogsmeade-based joke shop closed in 'The Deathly Hallows'Zonko's
70%
Character quotedRubeus Hagrid
62%
A
61%
Numerical subject at HogwartsArithmancy
61%
R
61%
First name of the Minster for Magic after Cornelius FudgeRufus
61%
QuoteYou're a wizard, Harry.
61%
A
58%
Country in which Voldemort killed a peasantAlbania
58%
Book in which quote appearsHarry Potter and the Philosopher's Stone
58%
Y
55%
Wood from which Voldemort's first wand was madeYew
55%
I
53%
Fire-starting spellIncendio
53%
Y
50%
Blond-haired Death Eater (not a Malfoy!)Yaxley
50%
R
49%
First name of Hogwarts' flying instructorRolanda
49%
E
43%
Healing spell for relatively minor injuriesEpiskey
43%

Score Distribution

Percentile by Number Answered

Percent of People with Each Score

Your Score History

You have not taken this quiz